000 00558nam a2200181Ia 4500
008 240729s9999 xx 000 0 und d
022 _a1934-6352
245 0 _aInternational Journal of Agricultural and Biological Engineering
260 _aChina
260 _bChinese Society of Agricultural Engineering
650 _a Agriculture (General) | Technology
650 _a Biotechnology
650 _a Chemical technology
650 _aAgriculture
856 _uhttps://doaj.org/toc/92a1cbcea98b447eb9f0db4830bd9bb3
942 _2ddc
942 _cDOAJEJ
999 _c71216
_d71216
945 _a1
_bMadushi Gamage
_c1
_dMadushi Gamage